| 000 | 00886 a2200205 4500 | ||
|---|---|---|---|
| 001 | 54374 | ||
| 005 | 20260407155816.0 | ||
| 008 | 260407a1955 arg spa d | ||
| 003 | AR-UNSa-BCEJYS | ||
| 040 |
_aAR-UNSa-BCEJYS _bspa _cAR-UNSa-BCEJYS |
||
| 080 |
_a351.72 _xFinanzas públicas. Legislación (Contabilidad Pública, Administración financiera...) |
||
| 245 | 1 | 0 | _aEnsayos sobre hacienda pública y política fiscal |
| 020 | _a84-7196-007-9 | ||
| 264 | 1 |
_aMadrid : _bInstituto de Estudio Fiscales _c1955 |
|
| 300 |
_a364 p. _c24 cm. |
||
| 505 | _aI. Introducción - II. Teoría de los gastos públicos y de la imposición - III. Política fiscal - IV. Los presupuestos del sector público y la renta nacional - V. La planificación económica hacia la estabilización - VI. Conclusión | ||
| 942 | _cBK | ||
| 590 | _aniveau_biblio:m niveau_hierar:0 | ||
| 100 | 1 | _aColm, Gerhard | |
| 999 |
_c5534 _d5534 |
||